000
00311nam a22001217a 4500
005
20250821100627.0
008
250821b |||||||| |||| 00| 0 eng d
082
_a
005
_b
ALE-W
100
_a
Alexander Maitland
245
_a
Wilfred Thesiger: The Life of the Great Explorer
650
_a
Other Books
999
_c
37062
_d
37062